[Event "Benidorm op rap 2nd"]
[Site "Benidorm"]
[Date "2005.11.17"]
[Round "1"]
[White "Quintana Hernandez, Marcos Ivan"]
[Black "Dreev, Alexey"]
[Result "0-1"]
[WhiteElo "1993"]
[BlackElo "2694"]
[PlyCount "46"]
[EventDate "2005.11.17"]
[EventType "swiss (rapid)"]
[EventRounds "11"]
[EventCountry "ESP"]
[SourceTitle "CBM 109 Extra"]
[Source "ChessBase"]
[SourceDate "2006.01.03"]
[SourceVersion "2"]
[SourceVersionDate "2006.01.03"]
[SourceQuality "1"]

1. d4 d5 2. c4 c6 3. Nc3 Nf6 4. Nf3 e6 5. e3 Nbd7 6. Qc2 Bd6 7. g4 dxc4 8. Bxc4 e5 9. g5 Nd5 10. Rg1 0-0 11. Bd2 exd4 12. Nxd4 Nb4 13. Qb3 Nc5 14. Qd1 b5 15. Be2 Ncd3+ 16. Bxd3 Nxd3+ 17. Ke2 Nxb2 18. Qb3 Nc4 19. Ne4 Re8 20. Nxd6 Qxd6 21. Bc3 Qxh2 22. Rg3 Bg4+ 23. Nf3 Rxe3+ 0-1

[Event "Calvia U2300 opB"]
[Site "Mallorca"]
[Date "2004.10.23"]
[Round "3"]
[White "Pons Servera, Cristobal"]
[Black "Quintana Hernandez, Marcos Ivan"]
[Result "1-0"]
[WhiteElo "2128"]
[BlackElo "2048"]
[PlyCount "97"]
[EventDate "2004.10.22"]
[EventType "swiss"]
[EventRounds "9"]
[EventCountry "ESP"]
[SourceTitle "EXT 2005"]
[Source "ChessBase"]
[SourceDate "2004.11.15"]
[SourceVersion "1"]
[SourceVersionDate "2004.11.15"]
[SourceQuality "1"]

1. d4 Nf6 2. c4 g6 3. Nc3 Bg7 4. e4 d6 5. Nf3 0-0 6. Be2 c5 7. d5 Nbd7 8. 0-0 Ne8 9. Bg5 h6 10. Bh4 g5 11. Bg3 f5 12. exf5 Rxf5 13. Bd3 Rf8 14. Qe2 Ndf6 15. Rfe1 Nh5 16. Qxe7 Qxe7 17. Rxe7 Nxg3 18. hxg3 Bf6 19. Ree1 Bg4 20. Ne4 Bg7 21. Nh2 Bc8 22. Rab1 a5 23. a3 a4 24. b4 axb3 25. Rxb3 Be5 26. Nf3 Bh8 27. Nfd2 Be5 28. Nf3 Bh8 29. Nh2 g4 30. Nf1 Ra6 31. Ne3 h5 32. Ng5 Nf6 33. Nf5 Nxd5 34. Nh6+ Kg7 35. Ne6+ Bxe6 36. Rxe6 Rf6 37. cxd5 Rxe6 38. dxe6 Ra8 39. Nf5+ Kf6 40. Nxd6 Kxe6 41. Nxb7 Kd5 42. Bg6 c4 43. Bf7+ Kd4 44. Rb4 Rxa3 45. Rxc4+ Kd3 46. Nc5+ Ke2 47. Re4+ Kd1 48. Bxh5 Ra5 49. Bxg4+ 1-0

[Event "BCF-chT3 0203 (4NCL)"]
[Site "West Bromwich"]
[Date "2002.11.10"]
[Round "2.6"]
[White "Savory, Richard J"]
[Black "Quintana Hernandez, Marcos Ivan"]
[Result "1-0"]
[WhiteElo "2099"]
[BlackElo "1864"]
[PlyCount "69"]
[EventDate "2002.11.??"]
[EventType "team"]
[EventRounds "11"]
[EventCountry "ENG"]
[SourceTitle "EXT 2004"]
[Source "ChessBase"]
[SourceDate "2003.11.25"]
[SourceVersion "1"]
[SourceVersionDate "2003.11.25"]
[SourceQuality "1"]
[WhiteTeam "NW Eagles II"]
[BlackTeam "Poisoned Pawns II"]
[WhiteTeamCountry "ENG"]
[BlackTeamCountry "ENG"]

1. e4 d6 2. d4 Nf6 3. Nc3 g6 4. Be3 Bg7 5. Qd2 0-0 6. f3 Nbd7 7. 0-0-0 c6 8. g4 b5 9. Bh6 b4 10. Nce2 Qa5 11. Kb1 c5 12. Nc1 Ba6 13. Bxg7 Kxg7 14. Bxa6 Qxa6 15. dxc5 Nxc5 16. Qxb4 Rab8 17. Qd4 Na4 18. Nb3 Kg8 19. h4 Nd7 20. h5 Ndc5 21. Qe3 Qc4 22. Ne2 Rfc8 23. Rd2 a5 24. Qh6 Qe6 25. Nf4 Qf6 26. c3 Nxb3 27. axb3 Nxc3+ 28. Ka1 Rxb3 29. hxg6 Rb4 30. gxh7+ Kh8 31. Qxf6+ exf6 32. bxc3 Rxc3 33. Nd5 Ra4+ 34. Kb2 Rxf3 35. Rc2 1-0